000
00342nam a2200133Ia 4500
008
240624s9999 xx 000 0 und d
041
_a
eng
082
_a
658.4 SCA
100
_a
SCANNELL EDWARD E
245
_a
BIG BOOK OF PEOPLE SKILLS GAMES
260
_c
2010
_a
New Delhi
_b
Tata McGraw- Hill
300
_a
260 : p. : cm. ; 24
365
_c
RS
999
_c
16988
_d
16988